Online Catalogue and eLibrary

Worker's participation in management (Record no. 2365)

MARC details
000 -LEADER
fixed length control field 00238nam a2200097Ia 4500
008 - FIXED-LENGTH DATA ELEMENTS--GENERAL INFORMATION
fixed length control field 240331s9999 xx 000 0 und d
082 ## - DDC Classification
Item Number - Author Mark WOR
100 ## - MAIN ENTRY--PERSONAL NAME
Personal name Sri Lanka Foundation. ed
245 #0 - TITLE STATEMENT
Title Worker's participation in management
942 ## - Koha item type (Biblio)
Koha item type Books in Stacks (Lending)

No items available.

© WERC Library